00190nam a2200073Ia 4500008004100000100002400041245003200065260001900097170617s9999 xx 000 0 und d aBhatt-D.C/Asgar Ali 0aPharmaceutical Microbiology bOrient Longman